JR〇〇駅 - Statistics

General Stats
  • This quiz has been taken 30 times
  • The average score is 8 of 11
Answer Stats
Hint Answer % Correct
関西本線 JR難波
100%
東海道本線 JR総持寺
97%
おおさか東線 JR俊徳道
80%
おおさか東線 JR淡路
77%
おおさか東線 JR河内永和
77%
片町線 JR三山木
73%
奈良線 JR小倉
70%
おおさか東線 JR長瀬
67%
奈良線 JR藤森
60%
和歌山線 JR五位堂
60%
おおさか東線 JR野江
60%
No matching quizzes found
Score Distribution
Percent of People with Each Score
Percentile by Number Answered
Your Score History
You have not taken this quiz